000 01276nam a2200373 a 4500
001 vtls000120763
003 NLI
005 20210601204700.0
008 101125s1976 xxcb 000 0 eng
020 _cUSD 14.00 (pbk.)
039 9 _y201011251320
_zVLOAD
040 _aNLI
_beng
_cVTLS
_eAACR2
041 0 _aengfrespa
044 _axxc
082 0 4 _a629.125
110 2 _aInternational Civil Aviation Organization (Canada)
245 1 0 _aAir navigation plan :
_bmiddle east and south east Asia regions /
_cInternational Civil Aviation Organization
250 _a10th ed.
260 _aCanada :
_bICAO,
_c1976
300 _aVarious pagings :
_bmaps ;
_c28 cm.
500 _aText in English, French and Spanish
650 0 _aAir traffic control
_938201
650 0 _aNavigation (Acronautics)
650 0 _aAeronautics
_zMiddle East regions
_9246860
650 0 _aAeronautics
_zAsia,Southern
_9246861
650 0 _aAirports
_943698
887 _a
901 _aFOD13308
_b31.12.1976
902 _aUN629.125 N229a
906 _aFOD1375
949 _AVIRTUAITEM
_D10002
_X100
_6FOD000013308ENG
942 _2ddc
_cBKS
999 _aVIRTUA00
_c124792
_d124792
999 _aVTLSSORT0080*0200*0400*0410*0440*0820*1100*2450*2500*2600*3000*5000*6500*6501*6502*6503*6504*9010*9020*9060*9490*9991